Developing artistic and perceptual awareness: Art practice in the elementary classroom (Record no. 1363542)

MARC details
000 -LEADER
fixed length control field 00661nam a2200217Ia 4500
005 - DATE AND TIME OF LATEST TRANSACTION
control field 20250508160316.0
008 - FIXED-LENGTH DATA ELEMENTS--GENERAL INFORMATION
fixed length control field 008 250505s9999 xx 000 0 eng d
020 ## - INTERNATIONAL STANDARD BOOK NUMBER
International Standard Book Number 0-697-03284-1
037 ## - SOURCE OF ACQUISITION
Stock number Textual
040 ## - CATALOGING SOURCE
Original cataloging agency FEDL
Language of cataloging eng
Transcribing agency FEDL
041 ## - LANGUAGE CODE
Language code of text/sound track or separate title eng
Source of code eng
084 ## - COLON CLASSIFICATION NUMBER
Classification number 372.5, LIN
Assigning agency FEDL
100 ## - MAIN ENTRY--PERSONAL NAME
Personal name Linderman Earl W
9 (RLIN) 768278
245 #0 - TITLE STATEMENT
Title Developing artistic and perceptual awareness: Art practice in the elementary classroom
250 ## - EDITION STATEMENT
Edition statement 2nd
260 ## - PUBLICATION, DISTRIBUTION, ETC.
Place of publication, distribution, etc. Dubuque
Name of publisher, distributor, etc. W M C Brown Company Publishers
Date of publication, distribution, etc. 1969
300 ## - PHYSICAL DESCRIPTION
Extent xv,146p.
700 ## - ADDED ENTRY--PERSONAL NAME
Personal name Herberholz Donald W
9 (RLIN) 768279
942 ## - ADDED ENTRY ELEMENTS (KOHA)
Koha item type Textual
Classification part 372.5, LIN
Holdings
Withdrawn status Lost status Damaged status Not for loan Home library Current library Date acquired Total Checkouts Full call number Barcode Date last seen Price effective from Koha item type
        Department of Education Library Department of Education Library 2025-05-08   372.5, LIN EL0049744 2025-05-08 2025-05-08 Textual
Copyright @ Delhi University Library System